| 000 | 00970nam a22002537a 4500 | ||
|---|---|---|---|
| 999 |
_c5689 _d5689 |
||
| 003 | OSt | ||
| 005 | 20251014160607.0 | ||
| 008 | 251014b ||||| |||| 00| 0 eng d | ||
| 020 |
_a9781474927802 _qbook set |
||
| 040 | _cKH8 | ||
| 082 | _aFIC MAC | ||
| 100 |
_aMackinnon, Mairi, _eauthor. |
||
| 245 |
_aThe Firebird / _cMairi Mackinnon ; illustrated by Alida Massari. |
||
| 260 |
_aEngland ; _bUsborne Publishing Ltd , _c2010. |
||
| 300 |
_a64 pages : _bcolour illsutrations ; _c20 cm. |
||
| 490 |
_aUsborne Young Reading _vseries two |
||
| 520 | _aThis enchanting retelling of the famous Russian folktale brings together a golden apple tree, a mythical bird, a brave prince, a wise old wolf, a winged horse, an evil sorcerer and, of course, a beautiful princess. | ||
| 650 |
_aEasy reading _vfiction |
||
| 650 |
_aStory book _vfiction |
||
| 650 | _aYoung readers | ||
| 700 |
_aMassari, Alida, _eillustrator. |
||
| 830 | _aUsborne Young Reading | ||
| 942 |
_2ddc _cFIC |
||